<?xml version="1.0" encoding="UTF-8"?>
<collection xmlns="http://www.loc.gov/MARC21/slim">
 <record>
  <leader>02965nam a22002171a 4500</leader>
  <controlfield tag="001">1/25279</controlfield>
  <controlfield tag="008">      s2001    lu     f      00010 gre d</controlfield>
  <datafield tag="022" ind1="0" ind2=" ">
   <subfield code="a">0254-1483</subfield>
  </datafield>
  <datafield tag="028" ind1="3" ind2="1">
   <subfield code="a">2001/0265 (COD)</subfield>
  </datafield>
  <datafield tag="028" ind1="3" ind2="1">
   <subfield code="a">2001/0266 (CNS)</subfield>
  </datafield>
  <datafield tag="035" ind1=" " ind2=" ">
   <subfield code="l">27073</subfield>
  </datafield>
  <datafield tag="040" ind1=" " ind2=" ">
   <subfield code="a">GR-PeUP</subfield>
  </datafield>
  <datafield tag="084" ind1=" " ind2=" ">
   <subfield code="2">KET</subfield>
   <subfield code="a">COM (2001) 547 τελικό</subfield>
  </datafield>
  <datafield tag="110" ind1="2" ind2=" ">
   <subfield code="a">Επιτροπή των Ευρωπαϊκών Κοινοτήτων.</subfield>
  </datafield>
  <datafield tag="245" ind1="1" ind2="0">
   <subfield code="a">Ανακοίνωση της Επιτροπής προς το Ευρωπαϊκό Κοινοβούλιο, το Συμβούλιο, την Οικονομική και Κοινωνική Επιτροπή και την Επιτροπή των Περιφερειών σχετικά με τα εναλλακτικά καύσιμα για τις οδικές μεταφορές και με δέσμη μέτρων για την προώθηση της χρήσης των βιοκαυσίμων. Πρόταση οδηγίας του Ευρωπαϊκού Κοινοβουλίου και του Συμβουλίου σχετικά με την προώθηση της χρήσης βιοκαυσίμων για τις μεταφορές. Πρόταση οδηγίας του Συμβουλίου για την τροποποίηση της οδηγίας 92/81/ΕΟΚ όσον αφορά τη δυνατότητα εφαρμογής μειωμένου συντελεστή ειδικού φόρου κατανάλωσης σε ορισμένα πετρελαιοειδή που περιέχουν βιοκαύσιμα και στα βιοκαύσιμα:</subfield>
   <subfield code="b">υποβληθείσες από την Επιτροπή /</subfield>
   <subfield code="c">Επιτροπή των Ευρωπαϊκών Κοινοτήτων</subfield>
  </datafield>
  <datafield tag="246" ind1="1" ind2="0">
   <subfield code="a">Πρόταση οδηγίας του Ευρωπαϊκού Κοινοβουλίου και του Συμβουλίου σχετικά με την προώθηση της χρήσης βιοκαυσίμων για τις μεταφορές.</subfield>
  </datafield>
  <datafield tag="246" ind1="1" ind2="0">
   <subfield code="a">Πρόταση οδηγίας του Συμβουλίου για την τροποποίηση της οδηγίας 92/81/ΕΟΚ όσον αφορά τη δυνατότητα εφαρμογής μειωμένου συντελεστή ειδικού φόρου κατανάλωσης σε ορισμένα πετρελαιοειδή που περιέχουν βιοκαύσιμα και στα βιοκαύσιμα</subfield>
  </datafield>
  <datafield tag="260" ind1="0" ind2=" ">
   <subfield code="a">Βρυξέλλες, Λουξεμβούργο:</subfield>
   <subfield code="b">Υπηρεσία Επισήμων Εκδόσεων των Ευρωπαϊκών Κοινοτήτων,</subfield>
   <subfield code="c">7.11.2001</subfield>
  </datafield>
  <datafield tag="300" ind1=" " ind2=" ">
   <subfield code="a">60 σελ.</subfield>
  </datafield>
  <datafield tag="852" ind1=" " ind2=" ">
   <subfield code="a">INST</subfield>
   <subfield code="b">UNIPILB</subfield>
   <subfield code="c">KET</subfield>
   <subfield code="e">20050324</subfield>
   <subfield code="h">KET  COM (2001) 547 τελικό</subfield>
   <subfield code="p">COM (2001) 547</subfield>
   <subfield code="q">COM (2001) 547</subfield>
   <subfield code="t">NOLOAN</subfield>
   <subfield code="y">23</subfield>
   <subfield code="4">1</subfield>
  </datafield>
  <datafield tag="856" ind1="4" ind2="1">
   <subfield code="u">http://eur-lex.europa.eu/LexUriServ/LexUriServ.do?uri=COM:2001:0547:FIN:EL:PDF</subfield>
  </datafield>
 </record>
</collection>
